| 000 | 005240000a22001690004500 | ||
|---|---|---|---|
| 003 | MACL | ||
| 005 | 20160204164023.0 | ||
| 008 | 160204b xxu||||| |||| 00| 0 eng d | ||
| 040 |
_aMACL _cMACL |
||
| 041 | _aHindi | ||
| 082 | _a004 | ||
| 100 |
_aचौबे सन्तोष _936924 |
||
| 245 | _aकम्प्यूटर एक परिचय | ||
| 260 |
_bमध्यप्रदेश हिन्दी ग्रन्थ _c1990 _aभौपाल |
||
| 350 | _a12 | ||
| 942 |
_cHIN _k004 _2ddc |
||
| 999 |
_c28694 _d28694 |
||